География Томской области
| その他の著者: | |
|---|---|
| 要約: | Исключено из фонда НТБ ТПУ |
| 言語: | ロシア語 |
| 出版事項: |
Томск, Изд-во ТГУ, 1988
|
| フォーマット: | 図書 |
| KOHA link: | https://koha.lib.tpu.ru/cgi-bin/koha/opac-detail.pl?biblionumber=15791 |
MARC
| LEADER | 00000nam0a2200000 4500 | ||
|---|---|---|---|
| 001 | 15791 | ||
| 005 | 20231030190327.0 | ||
| 035 | |a (RuTPU)RU\TPU\book\15906 | ||
| 035 | |a BOOK00000594 | ||
| 090 | |a 15791 | ||
| 100 | |a 20011209d1988 m y0rusy50 ca | ||
| 101 | 0 | |a rus | |
| 102 | |a RU | ||
| 105 | |a y z 000zy | ||
| 200 | 1 | |a География Томской области |f Под ред. А. А. Земцова | |
| 210 | |a Томск |c Изд-во ТГУ |d 1988 | ||
| 215 | |a 246 с. | ||
| 333 | |a Исключено из фонда НТБ ТПУ | ||
| 675 | |a 911(571.16) |v 3 | ||
| 702 | 1 | |a Земцов |b А. А. |4 340 | |
| 801 | 0 | |a RU |b 63413507 |c 20011209 |g PSBO | |
| 801 | 2 | |a RU |b 63413507 |c 20220422 |g PSBO | |
| 942 | |c BK | ||